Crítica y verdad
Guardat en:
| Autor principal: | |
|---|---|
| Format: | Llibre |
| Idioma: | Undetermined |
| Publicat: |
México, Distrito Federal
Siglo Veintiuno
1978
|
| Edició: | 3 |
| Matèries: | |
| Etiquetes: |
Afegir etiqueta
Sense etiquetes, Sigues el primer a etiquetar aquest registre!
|
MARC
| LEADER | 00000nam a2200000Ia 4500 | ||
|---|---|---|---|
| 008 | 170316s9999 xx 000 0 und d | ||
| 090 | |a 801 B-7c | ||
| 100 | |a Barthes, Roland | ||
| 245 | |a Crítica y verdad | ||
| 250 | |a 3 | ||
| 260 | |a México, Distrito Federal | ||
| 260 | |b Siglo Veintiuno | ||
| 260 | |c 1978 | ||
| 300 | |a 82 páginas | ||
| 650 | |a TEORÍA LITERARIA | ||
| 999 | |c 20118 |d 20118 | ||
| 040 | |a cru BVZT | ||
| 942 | |c 15 D |h 801 B-7c |2 z | ||
